书目信息 |
| 题名: |
物业管理概论
|
|
| 作者: | 陈海英 主编 | |
| 分册: | ||
| 出版信息: | 北京 中国建筑工业出版社 2006.09 |
|
| 页数: | 263页 | |
| 开本: | 26cm | |
| 丛书名: | ||
| 单 册: | ||
| 中图分类: | F293.33 | |
| 科图分类: | ||
| 主题词: | 物业管理--wu ye guan li--高等学校 : 技术学校--教材 | |
| 电子资源: | ||
| ISBN: | 7-112-08069-X | |
| 000 | 01014nam0 2200241 450 | |
| 001 | 012007632921 | |
| 005 | 20070929105531.78 | |
| 010 | @a7-112-08069-X@dCNY24.00 | |
| 100 | @a20070726d2006 km y0chiy0120 ea | |
| 101 | 0 | @achi |
| 102 | @aCN@b110000 | |
| 105 | @ak a 000yy | |
| 200 | 1 | @a物业管理概论@Awu ye guan li gai lun@f陈海英主编@Fchen hai ying zhu bian |
| 210 | @a北京@c中国建筑工业出版社@d2006.09 | |
| 215 | @a263页@d26cm | |
| 300 | @a普通高等教育“十一五”国家级规划教材 全国高职高专教育土建类专业教学指导委员会规划推荐教材 | |
| 320 | @a有书目 (第262页)。 | |
| 330 | @a本书是根据全国高职高专教育土建类专业教学指导委员会制定的物业管理专业教育标准和培养方案及主干课程教学大纲编写的。全书系统介绍了物业管理基本原理和基本知识,内容包括:物业管理概述、业主与业主大会、物业管理基本原理、前期物业管理、房屋维修管理等。 | |
| 606 | 0 | @a物业管理@Awu ye guan li@x高等学校 : 技术学校@j教材 |
| 690 | @aF293.33@v4 | |
| 701 | 0 | @a陈海英@Achen hai ying@4主编 |
| 801 | 0 | @aCN@c20070929 |
| 905 | @dF293.33@eC438 | |
| 物业管理概论/陈海英主编.-北京:中国建筑工业出版社,2006.09 |
| 263页;26cm |
| 普通高等教育“十一五”国家级规划教材 全国高职高专教育土建类专业教学指导委员会规划推荐教材 |
| ISBN 7-112-08069-X:CNY24.00 |
| 本书是根据全国高职高专教育土建类专业教学指导委员会制定的物业管理专业教育标准和培养方案及主干课程教学大纲编写的。全书系统介绍了物业管理基本原理和基本知识,内容包括:物业管理概述、业主与业主大会、物业管理基本原理、前期物业管理、房屋维修管理等。 |
| ● |
| 相关链接 |
|
|
|
正题名:物业管理概论
索取号:F293.33/C438
 
预约/预借
| 序号 | 登录号 | 条形码 | 馆藏地/架位号 | 状态 | 备注 |
| 1 | 249616 | 202496165 | 社科库409/409社科库 104排1列5层/ [索取号:F293.33/C438] | 在馆 | |
| 2 | 249617 | 202496174 | 社科库409/409社科库 104排1列5层/ [索取号:F293.33/C438] | 在馆 |